000
00318 a2200145 4500
001
172035
020
_a
040
_c
Magnum
100
_a
Sola, Jose Antonio
240
1
0
_a
Canudos: uma utopia no sertao
_l
por
245
1
0
_a
Canudos: uma utopia no sertao
362
0
_a
1899
697
_a
PARADIDATICO
942
_c
BK
999
_c
172035
_d
172035